000 00463nam a2200157Ia 4500
008 240729s9999 xx 000 0 und d
022 _a2423-5652
245 0 _aTrends in Pharmaceutical Sciences
260 _aIran, Islamic Republic of
260 _bShiraz University of Medical Sciences
650 _a Pharmacy and materia medica
650 _aMedicine
856 _uhttps://doaj.org/toc/e9a3890c368447d3a84aa3d76277f1cc
942 _2ddc
942 _cDOAJEJ
999 _c69836
_d69836
945 _a1
_bMadushi Gamage
_c1
_dMadushi Gamage